| 000 | 00397 a2200145 4500 | ||
|---|---|---|---|
| 001 | 151476 | ||
| 040 | _cEscola São Tomás de Aquino | ||
| 100 | _aSILVA, Elisângela da | ||
| 240 | 1 | 0 |
_aO que etá escondido no mundo das princesas ? _lpor |
| 245 | 1 | 0 | _aO que etá escondido no mundo das princesas ? |
| 362 | 0 | _a2012 | |
| 440 | 1 | _aCiranda Cultural | |
| 697 | _a*LITERATURA INFANTO | ||
| 942 | _cBK | ||
| 999 |
_c151476 _d151476 |
||